Design graphics : drawing techniques for design professionals / (Record no. 532181)

000 -LEADER
fixed length control field 01251cam a2200337 i 4500
001 - CONTROL NUMBER
control field 16541039
003 - CONTROL NUMBER IDENTIFIER
control field NUST -
005 - DATE AND TIME OF LATEST TRANSACTION
control field 20191112110046.0
008 - FIXED-LENGTH DATA ELEMENTS--GENERAL INFORMATION
fixed length control field 101117t20122012maua b 001 0 eng
010 ## - LIBRARY OF CONGRESS CONTROL NUMBER
LC control number 2010046749
020 ## - INTERNATIONAL STANDARD BOOK NUMBER
International Standard Book Number 9788131765722
020 ## - INTERNATIONAL STANDARD BOOK NUMBER
International Standard Book Number 9780137136964
020 ## - INTERNATIONAL STANDARD BOOK NUMBER
International Standard Book Number 013713696X
038 ## - RECORD CONTENT LICENSOR
Staff Name MSOHAIL
040 ## - CATALOGING SOURCE
Original cataloging agency DLC
Language of cataloging eng
Transcribing agency LIBRARY
Description conventions rda
Modifying agency DLC
042 ## - AUTHENTICATION CODE
Authentication code pcc
050 00 - LIBRARY OF CONGRESS CALL NUMBER
Classification number NK2113.5
Item number .K64 2012
082 00 - DEWEY DECIMAL CLASSIFICATION NUMBER
Classification number 720.284 KOE
100 1# - MAIN ENTRY--PERSONAL NAME
Personal name Koenig, Peter A.
9 (RLIN) 25518
245 10 - TITLE STATEMENT
Title Design graphics : drawing techniques for design professionals /
Statement of responsibility, etc. Peter A. Koenig, Florida State University.
250 ## - EDITION STATEMENT
Edition statement Third Edition.
260 ## - PUBLICATION, DISTRIBUTION, ETC.
Place of publication, distribution, etc. New Delhi:
Name of publisher, distributor, etc. Pearson Education;
Date of publication, distribution, etc. [2012], ©2012.
300 ## - PHYSICAL DESCRIPTION
Extent xiii, 177 pages :
Other physical details illustrations ;
Dimensions 26 cm
504 ## - BIBLIOGRAPHY, ETC. NOTE
Bibliography, etc. note Includes bibliographical references (pages 171-172) and index.
650 #0 - SUBJECT ADDED ENTRY--TOPICAL TERM
Topical term or geographic name entry element Interior decoration rendering
General subdivision Technique.
-- ME
9 (RLIN) 25519
650 #0 - SUBJECT ADDED ENTRY--TOPICAL TERM
Topical term or geographic name entry element Architectural drawing
General subdivision Technique.
9 (RLIN) 25520
856 41 - ELECTRONIC LOCATION AND ACCESS
Materials specified Table of contents only
Uniform Resource Identifier <a href="http://www.loc.gov/catdir/toc/fy11pdf03/2010046749.html">http://www.loc.gov/catdir/toc/fy11pdf03/2010046749.html</a>
906 ## - LOCAL DATA ELEMENT F, LDF (RLIN)
a 7
b cbc
c orignew
d 1
e ecip
f 20
g y-gencatlg
942 ## - ADDED ENTRY ELEMENTS (KOHA)
Source of classification or shelving scheme
Koha item type Book
Holdings
Withdrawn status Lost status Source of classification or shelving scheme Damaged status Not for loan Permanent Location Current Location Date acquired Total Checkouts Full call number Barcode Date last seen Price effective from Koha item type
          School of Civil and Environmental Engineering (SCEE) School of Civil and Environmental Engineering (SCEE) 11/12/2019   720.284 KOE NIT-12095 11/12/2019 11/12/2019 Book
© 2023 Central Library, National University of Sciences and Technology. All Rights Reserved.